Statistiques concernant Qui a gagné ? (II)

Cliquez ici pour prendre le quiz!

Statistiques générales

  • Ce quiz a été pris 34 fois
  • Le résultat moyen est 7 sur 10

Statistiques - réponses

QuestionRéponse% Correct
Lors des élections présidentielles américaines de 1960John Fitzgerald Kennedy (JFK)
94%
Lors de la primaire écologiste de 2021Yannick Jadot
87%
Lors de la Commune de Paris (1871)L'Etat Français
84%
Lors du Congrès d'Epinay du PS en 1971François Mitterrand
81%
Lors de la Guerre d'AlgérieFront National de Libération (FLN)
81%
Lors des élections législatives françaises de 1986Droite parlementaire (représentée par Jacques Chirac)
77%
Lors de la Guerre de Corée (1950-1953)Personne, la guerre n'est toujours pas officiellement terminée
71%
Lors des élections législatives françaises de 1876Républicains (représentés par Jules Dufaure)
68%
Lors du Coup de Prague (1948)Les communistes
55%
Lors de l'insurrection de Budapest (1956)URSS
52%

Distribution des résultats

Percentile par nombre de réponses

% des personnes avec chaque résultat

Votre développement - résultats

Vous n’avez pas pris ce quiz